000 00310nam a22001217a 4500
008 171101b xxu||||| |||| 00| 0 eng d
041 _aeng
080 _a339
100 _a59
101 _aTRE
245 _aQUANTIFYING THE IMPACT OF TECHNICAL BARRIERS TO TRADE: CAN IT BE DONE?
_cMASKUS,K.E
942 _2udc
_cBK
999 _c37032
_d37032